|
|
|
|
| LEADER |
00000nam a2200000 a 4500 |
| 001 |
vtls008157285 |
| 003 |
SK-MaSNL |
| 005 |
20260301204254.0 |
| 008 |
240313 000 0 eng |
| 040 |
|
|
|a SNK
|b slo
|c SNK
|e AACR2
|
| 100 |
1 |
|
|a Wágner, Daniel
|4 aut
|9 441665
|
| 245 |
1 |
4 |
|a Die Heilquellen von Sliatsch in Ungarn
|
| 260 |
|
|
|a Pesth
|b Trattners Károly
|c 1834
|
| 300 |
|
|
|a 30 s.
|
| 999 |
|
|
|c 905763
|d 907693
|
| 952 |
|
|
|a SNK
|b SNK
|y VYP
|7 0
|p 17A0469939
|o snkSD 1742/4 D2
|i snkF 2415/75
|3 Rekatalogizácia
|0 0
|1 0
|4 0
|d 2005-05-31
|l 0
|r 2026-02-24 07:27:44
|w 2026-02-24
|
| 952 |
|
|
|a SNK
|b SNK
|y VYP
|7 0
|p 17A0469940
|o snkSD 1742/4 D1
|i snkF 2414/75
|3 Rekatalogizácia
|0 0
|1 0
|4 0
|d 2005-05-31
|l 0
|r 2026-02-24 07:27:44
|w 2026-02-24
|